Statistics for Blox Fruits Random Quiz 3

Click here to take the quiz!

General Stats

  • This quiz has been taken 113 times
  • The average score is 8 of 10

Answer Stats

HintAnswer% Correct
Which of the following is NOT in blox fruits ((Put the actual answer, not the letter))

A. Wolf Fruit
B. Slingshot
C. Dough Fruit
D. Wando
A. Wolf Fruit
100%
How many sea beast spawn in a rumbling waters?3
96%
What is the max mastery for any weapon in the game600
95%
How many mythical weapons are there? ((Excluding Triple Dark Blade))5
91%
Don ____? ((Fill in the blank))Swan
89%
As of update 23, how many fruits are in the game? ((Excluding Unobtainable Fruits))39
84%
Which beast fruit(s) can be awakened?Phoenix and Buddha
84%
Who created Blox Fruits?rip_Indra
84%
This sword is used by Captain Elephant.Twin Hooks
70%
What "sea event" can happen in any sea?Full Moon
19%

Score Distribution

Percentile by Number Answered

Percent of People with Each Score

Your Score History

You have not taken this quiz